[Event "Arco op 44th"]
[Site "Arco"]
[Date "2022.10.13"]
[Round "6"]
[White "Traversi, Carlo"]
[Black "Lamera, Giuseppe"]
[Result "1/2-1/2"]
[WhiteElo "1486"]
[BlackElo "1443"]
[PlyCount "45"]
[EventDate "2022.10.08"]
[EventType "swiss"]
[EventRounds "9"]
[EventCountry "ITA"]
[SourceTitle "CBM 210 Extra"]
[Source "ChessBase"]
[SourceDate "2022.11.30"]
[SourceVersion "1"]
[SourceVersionDate "2022.11.30"]
[SourceQuality "1"]

1. e4 d6 2. d4 c6 3. Nf3 g6 4. Be2 Bg7 5. 0-0 Qc7 6. Nc3 b5 7. a3 Nd7 8. d5 a6 9. dxc6 Qxc6 10. Nd4 Qb7 11. Bf3 Ne5 12. Be3 Nf6 13. Nd5 Nxd5 14. exd5 0-0 15. c3 Bd7 16. Bf4 Nxf3+ 17. Nxf3 Rfe8 18. Qd2 Bg4 19. Ng5 Bf5 20. Nf3 Be4 21. Rad1 Bxf3 22. gxf3 Qd7 23. Rfe1 1/2-1/2

[Event "Arco op 43rd"]
[Site "Arco"]
[Date "2021.10.15"]
[Round "7"]
[White "Schiappoli, Dario"]
[Black "Traversi, Carlo"]
[Result "1-0"]
[WhiteElo "1767"]
[BlackElo "1495"]
[PlyCount "27"]
[EventDate "2021.10.09"]
[EventType "swiss"]
[EventRounds "9"]
[EventCountry "ITA"]
[SourceTitle "CBM 204 Extra"]
[Source "ChessBase"]
[SourceDate "2021.11.30"]
[SourceVersion "1"]
[SourceVersionDate "2021.11.30"]
[SourceQuality "1"]

1. e4 d6 2. d4 g6 3. Be3 Bg7 4. Nc3 Nf6 5. Be2 c6 6. a4 0-0 7. g4 e5 8. f3 exd4 9. Bxd4 Ne8 10. h4 Bxd4 11. Qxd4 Qf6 12. Qe3 Ng7 13. 0-0-0 Rd8 14. f4 1-0

[Event "Bad Wiessee Senioren Cup 8th"]
[Site "Bad Wiessee"]
[Date "2019.05.13"]
[Round "3"]
[White "Wraga, Hermann"]
[Black "Traversi, Carlo"]
[Result "0-1"]
[WhiteElo "1715"]
[BlackElo "1554"]
[PlyCount "60"]
[EventDate "2019.05.11"]
[EventType "swiss"]
[EventRounds "9"]
[EventCountry "GER"]
[SourceTitle "EXT 2020"]
[Source "ChessBase"]
[SourceDate "2019.10.17"]
[SourceVersion "1"]
[SourceVersionDate "2019.10.17"]
[SourceQuality "1"]

1. e4 d6 2. d3 g6 3. g3 Bg7 4. Bg2 Nf6 5. Nf3 c5 6. Nbd2 Nc6 7. 0-0 0-0 8. c3 Bg4 9. Qc2 Qc8 10. Re1 Bh3 11. Nf1 Bxg2 12. Kxg2 Ng4 13. Ne3 Nge5 14. Ng1 b5 15. Rb1 b4 16. Bd2 Qa6 17. c4 Nd4 18. Qd1 Qxa2 19. Nd5 e6 20. Nc7 Rac8 21. Nb5 Nxb5 22. cxb5 Qa5 23. f4 Nxd3 24. Re2 Qxb5 25. Be3 a6 26. Rd2 c4 27. Ne2 Qc6 28. Kf3 d5 29. exd5 Qxd5+ 30. Kg4 Qh5# 0-1

[Event "Bad Wiessee Senioren Cup 8th"]
[Site "Bad Wiessee"]
[Date "2019.05.12"]
[Round "2"]
[White "Traversi, Carlo"]
[Black "Graw, Rolf"]
[Result "0-1"]
[WhiteElo "1554"]
[BlackElo "1757"]
[PlyCount "56"]
[EventDate "2019.05.11"]
[EventType "swiss"]
[EventRounds "9"]
[EventCountry "GER"]
[SourceTitle "EXT 2020"]
[Source "ChessBase"]
[SourceDate "2019.10.17"]
[SourceVersion "1"]
[SourceVersionDate "2019.10.17"]
[SourceQuality "1"]

1. Nf3 f5 2. b3 e6 3. Bb2 Nf6 4. e3 b6 5. Be2 Bb7 6. d4 Bd6 7. 0-0 0-0 8. Nbd2 Ne4 9. Nc4 Rf6 10. Nxd6 Nxd6 11. d5 Rh6 12. dxe6 dxe6 13. Qd4 Qe7 14. Qf4 Nd7 15. Rad1 Nf6 16. Be5 Nfe4 17. Bxd6 cxd6 18. h4 Rg6 19. Nh2 Nc3 20. Bf3 Bxf3 21. Qxf3 Rd8 22. Rd3 Ne4 23. Qf4 Qf6 24. Rfd1 e5 25. Qf3 Qxh4 26. Qxf5 Rf6 27. Qg4 Qxf2+ 28. Kh1 Ng3+ 0-1

[Event "Arco Christmas op 8th"]
[Site "Arco"]
[Date "2017.12.30"]
[Round "7"]
[White "Traversi, Carlo"]
[Black "Minei, Giovanni"]
[Result "1/2-1/2"]
[WhiteElo "1583"]
[BlackElo "1613"]
[PlyCount "76"]
[EventDate "2017.12.26"]
[EventType "swiss"]
[EventRounds "7"]
[EventCountry "ITA"]
[SourceTitle "CBM 182 Extra"]
[Source "ChessBase"]
[SourceDate "2018.02.23"]
[SourceVersion "1"]
[SourceVersionDate "2018.02.23"]
[SourceQuality "1"]

1. e4 c6 2. c3 d5 3. exd5 cxd5 4. d4 Nf6 5. Nf3 Bg4 6. Be2 e6 7. Bf4 Bd6 8. Bxd6 Qxd6 9. Nbd2 0-0 10. 0-0 Nc6 11. h3 Bxf3 12. Nxf3 a6 13. Re1 Rfe8 14. Bd3 Re7 15. Qb1 g6 16. Ne5 Nd7 17. f4 Kg7 18. Qc1 f6 19. Ng4 Rae8 20. f5 g5 21. fxe6 Rxe6 22. Rxe6 Qxe6 23. Qf1 Qf7 24. Qf5 Nf8 25. Rf1 Qe6 26. Qxf6+ Qxf6 27. Nxf6 Re3 28. Bb1 Re2 29. Nxd5 Rxb2 30. a4 b5 31. axb5 Rxb5 32. Ba2 Ng6 33. Nc7 Rb2 34. Bc4 a5 35. Ra1 Nf4 36. Ra2 Rxa2 37. Bxa2 Ne2+ 38. Kf2 Nxc3 1/2-1/2

[Event "Arco Christmas op 8th"]
[Site "Arco"]
[Date "2017.12.26"]
[Round "1"]
[White "Traversi, Carlo"]
[Black "Tonina, Filippo"]
[Result "1/2-1/2"]
[WhiteElo "1583"]
[BlackElo "2062"]
[PlyCount "61"]
[EventDate "2017.12.26"]
[EventType "swiss"]
[EventRounds "7"]
[EventCountry "ITA"]
[SourceTitle "CBM 182 Extra"]
[Source "ChessBase"]
[SourceDate "2018.02.23"]
[SourceVersion "1"]
[SourceVersionDate "2018.02.23"]
[SourceQuality "1"]

1. e4 d6 2. d4 Nf6 3. Nc3 g6 4. Nf3 Bg7 5. Be2 0-0 6. 0-0 Bg4 7. Be3 Nc6 8. h3 Bxf3 9. Bxf3 e5 10. Ne2 Nd7 11. c3 f5 12. exf5 gxf5 13. dxe5 Ndxe5 14. Bd5+ Kh8 15. Nf4 Qf6 16. Nh5 Qg6 17. Nf4 Qf6 18. Nh5 Qh4 19. Bf4 Ng6 20. Bg3 Qd8 21. Nf4 Nxf4 22. Bxf4 Ne5 23. Qd2 c6 24. Bb3 d5 25. Rfe1 Ng6 26. Re6 Nxf4 27. Qxf4 Qd7 28. Rae1 Rae8 29. Qe3 Rxe6 30. Qxe6 Qxe6 31. Rxe6 1/2-1/2

[Event "Arco op-A 39th"]
[Site "Arco"]
[Date "2017.10.11"]
[Round "5"]
[White "Traversi, Carlo"]
[Black "Weinberg, Emanuele"]
[Result "1-0"]
[WhiteElo "1606"]
[BlackElo "1591"]
[PlyCount "97"]
[EventDate "2017.10.07"]
[EventType "swiss"]
[EventRounds "9"]
[EventCountry "ITA"]
[SourceTitle "CBM 181 Extra"]
[Source "ChessBase"]
[SourceDate "2017.12.12"]
[SourceVersion "1"]
[SourceVersionDate "2017.12.12"]
[SourceQuality "1"]

1. Nf3 d5 2. d4 g6 3. g3 Bg7 4. Bg2 Nf6 5. 0-0 0-0 6. c3 Nbd7 7. Nbd2 c5 8. e3 Re8 9. Nb3 c4 10. Nbd2 b5 11. a3 Nb6 12. Re1 Bb7 13. Ne5 Nfd7 14. Nxd7 Qxd7 15. e4 e6 16. e5 a5 17. Nf3 b4 18. axb4 axb4 19. Rxa8 Rxa8 20. Bg5 bxc3 21. bxc3 h6 22. Bf6 Bxf6 23. exf6 Qd8 24. Qc1 Kh7 25. Qf4 Nd7 26. Ne5 Qxf6 27. Nxd7 Qxf4 28. gxf4 Kg7 29. Nc5 Bc6 30. h4 Ra3 31. Rc1 Kf6 32. Bh3 g5 33. fxg5+ hxg5 34. hxg5+ Kxg5 35. Kg2 Kf4 36. Kf1 Kf3 37. Bg2+ Kf4 38. Ke1 Kf5 39. Bf1 Ra2 40. Be2 f6 41. Bd1 e5 42. Bc2+ e4 43. f3 Kf4 44. fxe4 dxe4 45. Ke2 f5 46. Kf1 Ke3 47. Re1+ Kd2 48. Bxe4 fxe4 49. Re2+ 1-0

[Event "Arco op-A 39th"]
[Site "Arco"]
[Date "2017.10.07"]
[Round "1"]
[White "Traversi, Carlo"]
[Black "Valet, Richard"]
[Result "0-1"]
[WhiteElo "1606"]
[BlackElo "2023"]
[PlyCount "92"]
[EventDate "2017.10.07"]
[EventType "swiss"]
[EventRounds "9"]
[EventCountry "ITA"]
[SourceTitle "CBM 181 Extra"]
[Source "ChessBase"]
[SourceDate "2017.12.12"]
[SourceVersion "1"]
[SourceVersionDate "2017.12.12"]
[SourceQuality "1"]

1. Nf3 c5 2. g3 Nc6 3. Bg2 g6 4. 0-0 Bg7 5. Nc3 f5 6. e3 e5 7. d3 Nf6 8. e4 d6 9. Re1 0-0 10. Bg5 h6 11. Bd2 Be6 12. Nh4 Kh7 13. exf5 gxf5 14. f4 Qd7 15. Nf3 Rae8 16. a3 Bf7 17. Rb1 Bh5 18. Qc1 e4 19. dxe4 fxe4 20. Nh4 d5 21. b4 Ng4 22. Nd1 Bd4+ 23. Be3 Nxe3 24. Nxe3 cxb4 25. axb4 Bc3 26. Rd1 Bxd1 27. Qxd1 Nxb4 28. Qh5 Qf7 29. Qe2 Nc6 30. Nef5 Nd4 31. Nxd4 Bxd4+ 32. Kh1 a5 33. Bh3 Ra8 34. Qd2 Bf6 35. Bf5+ Kg8 36. Bg6 Qd7 37. Bf5 Qc6 38. Rb6 Qxb6 39. Qxd5+ Kg7 40. Qd7+ Rf7 41. Qd5 Bxh4 42. gxh4 Qb1+ 43. Kg2 Qxc2+ 44. Kf1 Qc1+ 45. Kg2 Qb2+ 46. Kf1 Raf8 0-1

[Event "Bad Woerishofen Seniors op 32nd"]
[Site "Bad Woerishofen"]
[Date "2016.03.05"]
[Round "9"]
[White "Traversi, Carlo"]
[Black "Koppenhoefer, Heinz"]
[Result "1/2-1/2"]
[WhiteElo "1572"]
[BlackElo "1672"]
[PlyCount "118"]
[EventDate "2016.02.26"]
[EventType "swiss"]
[EventRounds "9"]
[EventCountry "GER"]
[SourceTitle "EXT 2019"]
[Source "ChessBase"]
[SourceDate "2018.10.10"]
[SourceVersion "1"]
[SourceVersionDate "2018.10.10"]
[SourceQuality "1"]

1. Nf3 d5 2. b3 Nf6 3. Bb2 e6 4. e3 c5 5. c4 Be7 6. Be2 Nc6 7. 0-0 0-0 8. Nc3 dxc4 9. Bxc4 a6 10. a4 Na5 11. Be2 Qb6 12. d4 Nxb3 13. Rb1 Na5 14. Ba3 Qc7 15. Qc2 cxd4 16. Bxe7 Qxe7 17. Nxd4 Bd7 18. Ne4 Rac8 19. Nxf6+ Qxf6 20. Qa2 e5 21. Nf3 Be6 22. Qd2 Nb3 23. Qb4 Nc5 24. Rfc1 Bf5 25. Ra1 e4 26. Nd4 Qe5 27. Nxf5 Qxf5 28. Rc4 Nd3 29. Bxd3 exd3 30. Rd4 Rc2 31. Rf4 Qc8 32. Rd1 Rd8 33. Rd4 Rxd4 34. Qxd4 Rc1 35. Qxd3 Rxd1+ 36. Qxd1 g6 37. g3 Qc6 38. Qd8+ Kg7 39. Qd4+ Qf6 40. Qb4 b6 41. Qc4 a5 42. Qb5 Qd6 43. Qb2+ f6 44. Qc2 Qc5 45. Qd1 Qc6 46. Qb3 Qc5 47. h4 Qc6 48. Kf1 h5 49. Ke2 Qd6 50. Qc3 Kf7 51. Qb3+ Ke7 52. Qc2 f5 53. Qc3 Kd7 54. f4 Ke6 55. Qb3+ Kd7 56. Qc4 Qe6 57. Qc3 Qd6 58. Qc4 Ke7 59. Qc3 Kd7 1/2-1/2

[Event "Bad Woerishofen Seniors op 32nd"]
[Site "Bad Woerishofen"]
[Date "2016.02.28"]
[Round "3"]
[White "Traversi, Carlo"]
[Black "Dombrowe, Eckehard"]
[Result "0-1"]
[WhiteElo "1572"]
[BlackElo "1793"]
[PlyCount "124"]
[EventDate "2016.02.26"]
[EventType "swiss"]
[EventRounds "9"]
[EventCountry "GER"]
[SourceTitle "EXT 2019"]
[Source "ChessBase"]
[SourceDate "2018.10.10"]
[SourceVersion "1"]
[SourceVersionDate "2018.10.10"]
[SourceQuality "1"]

1. Nf3 d5 2. b3 Nf6 3. Bb2 e6 4. e3 c5 5. Bb5+ Bd7 6. Bxd7+ Nbxd7 7. 0-0 Be7 8. d4 cxd4 9. Nxd4 0-0 10. Nd2 Rc8 11. Rc1 a6 12. c4 Nc5 13. Qe2 Qd7 14. cxd5 Qxd5 15. Rfd1 Qg5 16. N2f3 Qh5 17. h3 Nce4 18. Nh2 Qg6 19. Ndf3 Nd5 20. Ne5 Qf5 21. Qf3 Qxf3 22. Nhxf3 Bf6 23. Rd4 Nec3 24. Bxc3 Nxc3 25. Rc2 Nd5 26. Rdc4 Rxc4 27. Rxc4 h6 28. Nd7 Rd8 29. Nxf6+ Nxf6 30. Kf1 Nd5 31. Ke2 Kf8 32. e4 Nf4+ 33. Kf1 Rd1+ 34. Ne1 Nxg2 35. Kxg2 Rxe1 36. Rc8+ Ke7 37. Rc7+ Kf6 38. Rxb7 Re2 39. a4 Rxe4 40. a5 Rd4 41. Rb6 Rd3 42. b4 Rb3 43. f3 h5 44. h4 g5 45. hxg5+ Kxg5 46. Rxa6 Rxb4 47. Rb6 Ra4 48. a6 e5 49. Rc6 f6 50. Rb6 h4 51. Rc6 f5 52. Re6 Kf4 53. Kh3 Ra5 54. Kxh4 Kxf3 55. a7 e4 56. Re5 Rxa7 57. Rxf5+ Ke2 58. Kg3 e3 59. Re5 Rg7+ 60. Kh2 Kf2 61. Rf5+ Ke1 62. Rf3 e2 0-1

[Event "Bad Woerishofen Seniors op 32nd"]
[Site "Bad Woerishofen"]
[Date "2016.02.26"]
[Round "1"]
[White "Traversi, Carlo"]
[Black "Trefzer, Erhard"]
[Result "1/2-1/2"]
[WhiteElo "1572"]
[BlackElo "1897"]
[PlyCount "88"]
[EventDate "2016.02.26"]
[EventType "swiss"]
[EventRounds "9"]
[EventCountry "GER"]
[SourceTitle "EXT 2019"]
[Source "ChessBase"]
[SourceDate "2018.10.10"]
[SourceVersion "1"]
[SourceVersionDate "2018.10.10"]
[SourceQuality "1"]

1. Nf3 Nf6 2. b3 c5 3. Bb2 e6 4. c4 d5 5. cxd5 exd5 6. e3 Be7 7. Be2 0-0 8. 0-0 Nc6 9. d4 cxd4 10. Nxd4 Ne4 11. Nd2 Qa5 12. Nxe4 dxe4 13. Qc2 Nxd4 14. Bxd4 Bf5 15. Qb2 f6 16. Rac1 Ba3 17. Qc3 Qd8 18. Rcd1 Qe7 19. Bc4+ Kh8 20. Qa5 Bg6 21. Bc3 b6 22. Qb5 Rfd8 23. Rd4 Bc5 24. Rxd8+ Rxd8 25. Be2 a5 26. Rd1 Rxd1+ 27. Bxd1 Qd8 28. Qe2 f5 29. g3 Bf7 30. Bc2 Kg8 31. Kf1 Qd6 32. Ke1 Be6 33. Qd2 Qe7 34. h4 h6 35. Bd4 Bb4 36. Bc3 Bxc3 37. Qxc3 Qc5 38. Qxc5 bxc5 39. Kd2 g5 40. hxg5 hxg5 41. Bd1 Kg7 42. Kc3 Kf6 43. Be2 Ke5 44. Bc4 Bd7 1/2-1/2

[Event "Bad Woerishofen op 31st"]
[Site "Bad Woerishofen"]
[Date "2015.03.04"]
[Round "6"]
[White "De Luna Butz, Alberto"]
[Black "Traversi, Carlo"]
[Result "1-0"]
[WhiteElo "1809"]
[BlackElo "1585"]
[PlyCount "81"]
[EventDate "2015.02.27"]
[EventType "swiss"]
[EventRounds "9"]
[EventCountry "GER"]
[SourceTitle "CBM 165 Extra"]
[Source "ChessBase"]
[SourceDate "2015.04.21"]
[SourceVersion "1"]
[SourceVersionDate "2015.04.21"]
[SourceQuality "1"]

1. d4 d6 2. Nf3 Nf6 3. Bf4 g6 4. e3 Bg7 5. Be2 0-0 6. 0-0 Nh5 7. Bg5 c6 8. c4 Nf6 9. Nc3 Bg4 10. h3 Bxf3 11. Bxf3 Nbd7 12. Qc2 Qc7 13. Rac1 a6 14. Rfe1 Rfe8 15. b4 Rac8 16. Bf4 Qd8 17. a4 d5 18. Qb3 dxc4 19. Qxc4 Nb6 20. Qb3 Nbd5 21. Bh2 Nxc3 22. Rxc3 e6 23. Rec1 Nd5 24. Bxd5 exd5 25. b5 axb5 26. axb5 Qd7 27. bxc6 Rxc6 28. Rb1 Rxc3 29. Qxc3 Qc6 30. Qb3 Re7 31. Bg3 Rd7 32. Qb2 h6 33. Rc1 Qa6 34. Rc8+ Kh7 35. Kh2 b5 36. Rc5 Rb7 37. Rxd5 Bf8 38. Rd8 Ba3 39. Qb3 b4 40. Be5 f6 41. Qg8# 1-0

[Event "Arco op 34th"]
[Site "Arco"]
[Date "2012.10.16"]
[Round "4"]
[White "Traversi, Carlo"]
[Black "Martinez, Guido"]
[Result "0-1"]
[WhiteElo "1570"]
[BlackElo "1843"]
[PlyCount "41"]
[EventDate "2012.10.13"]
[EventType "swiss"]
[EventRounds "9"]
[EventCountry "ITA"]
[SourceTitle "EXT 2013"]
[Source "ChessBase"]
[SourceDate "2012.11.22"]
[SourceVersion "1"]
[SourceVersionDate "2012.11.22"]
[SourceQuality "1"]

1. e4 d6 2. Nc3 g6 3. Nf3 Bg7 4. d4 c6 5. Be2 Nf6 6. 0-0 0-0 7. h3 Nbd7 8. Be3 b5 9. d5 cxd5 10. exd5 b4 11. Nb5 Nb6 12. Bxb6 Qxb6 13. c4 bxc3 14. Nxc3 Qxb2 15. Nb5 Bd7 16. Nc7 Rab8 17. Qd3 Bf5 18. Qe3 Rb7 19. Na6 Nxd5 20. Qd2 Qxd2 21. Nxd2 0-1

[Event "Arco op 34th"]
[Site "Arco"]
[Date "2012.10.15"]
[Round "3"]
[White "Weinberg, Emanuele"]
[Black "Traversi, Carlo"]
[Result "1-0"]
[WhiteElo "1795"]
[BlackElo "1570"]
[PlyCount "55"]
[EventDate "2012.10.13"]
[EventType "swiss"]
[EventRounds "9"]
[EventCountry "ITA"]
[SourceTitle "EXT 2013"]
[Source "ChessBase"]
[SourceDate "2012.11.22"]
[SourceVersion "1"]
[SourceVersionDate "2012.11.22"]
[SourceQuality "1"]

1. d4 Nf6 2. c4 c6 3. Nc3 d5 4. b3 e6 5. a3 Be7 6. Nf3 0-0 7. g3 Nbd7 8. Bg2 Re8 9. 0-0 Qc7 10. Bb2 e5 11. cxd5 exd4 12. Nxd4 cxd5 13. Nxd5 Nxd5 14. Bxd5 Nf6 15. Bg2 Qb6 16. e3 Bg4 17. Qd2 Bc5 18. b4 Bf8 19. h3 Bh5 20. Rac1 Bg6 21. Rc4 Rac8 22. Rfc1 Rxc4 23. Rxc4 Ne4 24. Qc1 Qf6 25. Nf3 Qe6 26. Nh4 Bd6 27. Nxg6 hxg6 28. Rxe4 1-0

[Event "ITA-ch B"]
[Site "Civitanova Marche"]
[Date "2012.07.21"]
[Round "7"]
[White "Fratini, Mauro"]
[Black "Traversi, Carlo"]
[Result "1-0"]
[WhiteElo "1862"]
[BlackElo "1586"]
[PlyCount "76"]
[EventDate "2012.07.15"]
[EventType "swiss"]
[EventRounds "8"]
[EventCountry "ITA"]
[SourceTitle "EXT 2023"]
[Source "ChessBase"]
[SourceDate "2022.10.05"]
[SourceVersion "1"]
[SourceVersionDate "2022.10.05"]
[SourceQuality "1"]

1. d4 Nf6 2. Bf4 d5 3. e3 e6 4. Nf3 Nh5 5. Be5 Nf6 6. Bd3 Bd6 7. Nbd2 b6 8. Qe2 c5 9. c3 Nc6 10. Bg3 c4 11. Bc2 h6 12. Ne5 Bxe5 13. dxe5 Ng8 14. f4 Nge7 15. Qg4 g6 16. Bh4 Qc7 17. e4 b5 18. Bf2 Bd7 19. Qh4 0-0-0 20. Nf3 dxe4 21. Bxe4 Nf5 22. Bxf5 exf5 23. Nd4 Nxd4 24. Bxd4 Be6 25. Qf2 Qb7 26. 0-0-0 a6 27. Bb6 Rd7 28. Rxd7 Bxd7 29. Rd1 Qc6 30. Rd6 Qb7 31. Qc5+ Kb8 32. Ba7+ Ka8 33. Qd4 Qxg2 34. Rxd7 Qf1+ 35. Kc2 Qe2+ 36. Qd2 Qe4+ 37. Kc1 Qh1+ 38. Qd1 Qxh2 1-0

[Event "ITA-ch B"]
[Site "Civitanova Marche"]
[Date "2012.07.20"]
[Round "6"]
[White "Traversi, Carlo"]
[Black "Gaglianese, Marco"]
[Result "1/2-1/2"]
[WhiteElo "1586"]
[BlackElo "1724"]
[PlyCount "120"]
[EventDate "2012.07.15"]
[EventType "swiss"]
[EventRounds "8"]
[EventCountry "ITA"]
[SourceTitle "EXT 2023"]
[Source "ChessBase"]
[SourceDate "2022.10.05"]
[SourceVersion "1"]
[SourceVersionDate "2022.10.05"]
[SourceQuality "1"]

1. e4 Nf6 2. Nc3 d5 3. e5 d4 4. exf6 dxc3 5. bxc3 exf6 6. Nf3 Bg4 7. Be2 Bd6 8. 0-0 0-0 9. Re1 Re8 10. Rb1 b6 11. d4 Nd7 12. Be3 f5 13. h3 Bh5 14. d5 Nf6 15. Bg5 h6 16. Bxf6 Qxf6 17. Qd4 Qxd4 18. Nxd4 Bxe2 19. Rxe2 Rxe2 20. Nxe2 Re8 21. Kf1 Re5 22. Rd1 Kf8 23. Nd4 a6 24. c4 Bc5 25. f3 g6 26. Rd3 Ke8 27. Nc6 Re3 28. Rxe3+ Bxe3 29. a4 a5 30. Ke2 Bf4 31. Kd3 Bd6 32. Nd4 Kd7 33. Nc6 f6 34. Nb8+ Kc8 35. Nc6 Bc5 36. Na7+ Kd7 37. Nc6 h5 38. Ke2 Kd6 39. Kd3 g5 40. g4 hxg4 41. hxg4 fxg4 42. fxg4 Ba3 43. Kc3 Kc5 44. Kb3 Bc1 45. Kc3 Bf4 46. Kd3 Be5 47. c3 Bg3 48. Nd8 Kd6 49. Nc6 Be5 50. Nd8 Bf4 51. Nc6 Bg3 52. Kd4 Bf2+ 53. Kd3 Be1 54. Kd4 Kd7 55. Nb8+ Ke8 56. Na6 Bg3 57. c5 Bf2+ 58. Kc4 Kd7 59. Nb8+ Kc8 60. Na6 Kb7 1/2-1/2

[Event "ITA-ch B"]
[Site "Civitanova Marche"]
[Date "2012.07.19"]
[Round "5"]
[White "Allegranti, Luca"]
[Black "Traversi, Carlo"]
[Result "1-0"]
[WhiteElo "1974"]
[BlackElo "1586"]
[PlyCount "51"]
[EventDate "2012.07.15"]
[EventType "swiss"]
[EventRounds "8"]
[EventCountry "ITA"]
[SourceTitle "EXT 2023"]
[Source "ChessBase"]
[SourceDate "2022.10.05"]
[SourceVersion "1"]
[SourceVersionDate "2022.10.05"]
[SourceQuality "1"]

1. b3 d5 2. d4 Nf6 3. Bb2 Bf5 4. Nf3 e6 5. e3 Be7 6. Be2 h6 7. Nbd2 c6 8. 0-0 0-0 9. Re1 Nbd7 10. Bf1 Re8 11. a3 c5 12. c4 b6 13. cxd5 exd5 14. Bb5 a6 15. Bc6 Rc8 16. Bb7 Rc7 17. Bxa6 cxd4 18. Nxd4 Bg6 19. Rc1 Nc5 20. Bb5 Rf8 21. Qe2 Qc8 22. b4 Nce4 23. f3 Nc3 24. Bxc3 Rxc3 25. N2b3 Bd6 26. Rxc3 1-0

[Event "Giovanni Pico Cup 5th"]
[Site "Mirandola"]
[Date "2012.01.15"]
[Round "4"]
[White "Negro, Raffaele"]
[Black "Traversi, Carlo"]
[Result "1-0"]
[WhiteElo "1843"]
[BlackElo "1629"]
[PlyCount "51"]
[EventDate "2012.01.13"]
[EventType "swiss"]
[EventRounds "5"]
[EventCountry "ITA"]
[SourceTitle "EXT 2023"]
[Source "ChessBase"]
[SourceDate "2022.10.05"]
[SourceVersion "1"]
[SourceVersionDate "2022.10.05"]
[SourceQuality "1"]

1. d4 Nf6 2. Bf4 d5 3. e3 e6 4. Nf3 Bd6 5. Ne5 Nc6 6. Nd2 Ne7 7. Bd3 Ng6 8. Bg3 Bd7 9. c3 a6 10. Qe2 Ba4 11. 0-0 0-0 12. f4 Bd7 13. Rf2 Ne7 14. h3 Nf5 15. Bh2 h5 16. g4 hxg4 17. hxg4 Ne7 18. Bg3 g6 19. Bh4 Kg7 20. Rh2 Bc6 21. Rf1 Rh8 22. Kf2 Qe8 23. Rfh1 Nh7 24. Bxe7 Qxe7 25. g5 f6 26. Nxg6 1-0

[Event "Padova op-A 13th"]
[Site "Padova"]
[Date "2010.12.17"]
[Round "7.19"]
[White "Rizzo, Giuseppe"]
[Black "Traversi, Carlo"]
[Result "0-1"]
[WhiteElo "1671"]
[BlackElo "1652"]
[PlyCount "50"]
[EventDate "2010.12.12"]
[EventType "swiss"]
[EventRounds "9"]
[EventCountry "ITA"]
[SourceTitle "EXT 2024"]
[Source "ChessBase"]
[SourceDate "2023.10.10"]
[SourceVersion "1"]
[SourceVersionDate "2023.10.10"]
[SourceQuality "1"]

1. d4 Nf6 2. Nf3 g6 3. Bf4 Bg7 4. Nc3 d5 5. Qd2 Bg4 6. Ne5 Bf5 7. Bh6 0-0 8. f3 Nc6 9. Nxc6 bxc6 10. g4 Be6 11. h4 Qd6 12. Bxg7 Qg3+ 13. Kd1 Kxg7 14. b3 Bxg4 15. Kc1 Bh5 16. Kb2 Qd6 17. Na4 e5 18. c3 Rae8 19. Bg2 e4 20. Nc5 exf3 21. Bxf3 Bxf3 22. exf3 Nh5 23. Nd3 Re7 24. Rag1 Rfe8 25. Qg5 Re2+ 0-1

[Event "Noale Szabados Memorial-B 3rd"]
[Site "Noale"]
[Date "2010.02.07"]
[Round "5"]
[White "Traversi, Carlo"]
[Black "Rigon, Daniele"]
[Result "1-0"]
[WhiteElo "1717"]
[BlackElo "1398"]
[PlyCount "117"]
[EventDate "2010.02.05"]
[EventType "swiss"]
[EventRounds "5"]
[EventCountry "ITA"]
[SourceTitle "EXT 2022"]
[Source "ChessBase"]
[SourceDate "2021.10.06"]
[SourceVersion "1"]
[SourceVersionDate "2021.10.06"]
[SourceQuality "1"]

1. e4 e5 2. Nf3 Nc6 3. d4 exd4 4. Nxd4 d5 5. Bb5 Bd7 6. exd5 Nxd4 7. Bxd7+ Qxd7 8. Qxd4 Nf6 9. Nc3 c6 10. Be3 Nxd5 11. Nxd5 Qxd5 12. 0-0-0 Qxd4 13. Bxd4 0-0-0 14. Bxa7 Rxd1+ 15. Rxd1 Kc7 16. Be3 Bd6 17. g3 Ra8 18. a3 Ra5 19. Rd3 Rb5 20. c4 Rh5 21. h4 Bc5 22. Bf4+ Kc8 23. f3 h6 24. b4 g5 25. hxg5 hxg5 26. Bd2 Bf2 27. g4 Rh1+ 28. Kb2 Rh2 29. Kb3 Bh4 30. Bc3 Re2 31. Bf6 Re6 32. Bd4 Bg3 33. Re3 Rxe3+ 34. Bxe3 f6 35. Kc3 Be5+ 36. Bd4 Bxd4+ 37. Kxd4 Kd7 38. Ke4 Ke6 39. c5 Ke7 40. Kf5 Kf7 41. a4 Ke7 42. b5 cxb5 43. axb5 Kf7 44. c6 bxc6 45. bxc6 Ke7 46. c7 Kd7 47. Kxf6 Kxc7 48. Kxg5 Kd7 49. Kf6 Ke8 50. Kg7 Ke7 51. g5 Ke6 52. f4 Kf5 53. Kf7 Kg4 54. g6 Kxf4 55. g7 Ke5 56. g8Q Ke4 57. Qg5 Kd4 58. Ke6 Ke4 59. Qg4+ 1-0

[Event "Noale Szabados Memorial-B 3rd"]
[Site "Noale"]
[Date "2010.02.05"]
[Round "1"]
[White "Traversi, Carlo"]
[Black "Panican, Gheorghe"]
[Result "0-1"]
[WhiteElo "1717"]
[BlackElo "1992"]
[PlyCount "88"]
[EventDate "2010.02.05"]
[EventType "swiss"]
[EventRounds "5"]
[EventCountry "ITA"]
[SourceTitle "EXT 2022"]
[Source "ChessBase"]
[SourceDate "2021.10.06"]
[SourceVersion "1"]
[SourceVersionDate "2021.10.06"]
[SourceQuality "1"]

1. e4 c5 2. Nf3 d6 3. Nc3 Nf6 4. Be2 a6 5. h3 b5 6. e5 dxe5 7. Nxe5 Qc7 8. Ng4 Nbd7 9. d3 Bb7 10. Nxf6+ Nxf6 11. Bf3 e6 12. Bxb7 Qxb7 13. 0-0 b4 14. Na4 Be7 15. Be3 Rc8 16. b3 0-0 17. Nb2 Nd5 18. Bd2 Bf6 19. Rb1 Bxb2 20. Rxb2 Qe7 21. Qf3 a5 22. Rbb1 a4 23. Ra1 Ra8 24. Rfe1 Ra7 25. a3 axb3 26. axb4 cxb4 27. cxb3 Rfa8 28. Rxa7 Rxa7 29. Qe4 h6 30. Rc1 Ra8 31. Qc4 Ra3 32. Qe4 f5 33. Qc4 Kh7 34. Re1 Qd6 35. Bc1 Ra1 36. Bd2 Ra2 37. Qc1 Qa6 38. Rd1 Qxd3 39. Bxb4 Qxb3 40. Be1 Rc2 41. Qa1 Re2 42. Qb1 Rb2 43. Qc1 Nf4 44. Qa1 Qb7 0-1

[Event "Arco op 30th"]
[Site "Arco"]
[Date "2008.10.22"]
[Round "5"]
[White "Traversi, Carlo"]
[Black "Bondielli, Giorgio"]
[Result "1/2-1/2"]
[WhiteElo "1759"]
[BlackElo "1954"]
[PlyCount "25"]
[EventDate "2008.10.18"]
[EventType "swiss"]
[EventRounds "9"]
[EventCountry "ITA"]
[SourceTitle "CBM 127 Extra"]
[Source "ChessBase"]
[SourceDate "2009.01.08"]
[SourceVersion "2"]
[SourceVersionDate "2009.01.28"]
[SourceQuality "1"]

1. e4 e5 2. Nf3 Nf6 3. d3 Nc6 4. Nc3 d5 5. exd5 Nxd5 6. Bd2 Bc5 7. Be2 0-0 8. 0-0 Bg4 9. Ne4 Be7 10. h3 Bxf3 11. Bxf3 Nd4 12. Ng3 Nxf3+ 13. Qxf3 1/2-1/2